000 00436nam a2200181Ia 4500
001 2429
005 20260306144806.0
008 260306t1996||||xx |||||||||||||| ||spa||
041 _aESP
082 _a616.89
_bH22
100 _aHardy-Baylé, Marie-Christine
_eAUT
245 0 _aEl diagnóstico en psiquiatría
260 _c1996
300 _a127 páginas :
_c18 cm.
650 _aGEN
654 _aCPS
942 _cLIB
_dJUS
_fJUS
_2ddc
_n
999 _c2429
_d2429